| 000 | 00431nam a2200181Ia 4500 | ||
|---|---|---|---|
| 003 | GCL | ||
| 008 | 140319s9999 xx 000 0 eng d | ||
| 040 |
_aGCL / _cGCL |
||
| 082 | 0 | 4 |
_a951 _bS H |
| 100 | 1 | _aSOOTHILL, W.E. | |
| 245 | 1 | 0 |
_aA HISTORY OF CHINA / _cSOOTHILL, W.E. |
| 260 |
_a[S.N] : _bERNEST BENN ، _c1928 |
||
| 300 | _a79 | ||
| 650 | 0 | 4 | _aCHINA - HISTORY |
| 650 | 0 | 4 | _aHISTORY |
| 650 | 0 | 4 | _aCHINA |
| 942 |
_2ddc _cBK |
||
| 999 |
_c11187 _d11187 |
||